[Event "CRO-chT4A Center"]
[Site "Zagreb"]
[Date "2010.11.07"]
[Round "10.43"]
[White "Brajdic, Danko"]
[Black "Drvodelic, Miroslav"]
[Result "1-0"]
[WhiteElo "2152"]
[BlackElo "2073"]
[PlyCount "91"]
[EventDate "2010.03.21"]
[EventType "team-tourn"]
[EventRounds "11"]
[EventCountry "CRO"]
[SourceTitle "EXT 2012"]
[Source "ChessBase"]
[SourceDate "2011.11.24"]
[SourceVersion "1"]
[SourceVersionDate "2011.11.24"]
[SourceQuality "1"]

1. d4 Nf6 2. Bf4 g6 3. e3 d6 4. Nf3 Bg7 5. Be2 Nbd7 6. h3 0-0 7. 0-0 c5 8. c4 Re8 9. Nc3 Qa5 10. Bh2 a6 11. Qc2 Rb8 12. a4 Nf8 13. d5 Qc7 14. Rad1 b6 15. Rfe1 N6d7 16. Bf1 Ne5 17. Nd2 f5 18. f4 Nf7 19. e4 e6 20. exf5 gxf5 21. Bd3 Nh6 22. Nf3 e5 23. fxe5 dxe5 24. Re2 Qd6 25. Rde1 Ng6 26. Qd2 Nf7 27. h4 Qf6 28. h5 Bh6 29. hxg6 Bxd2 30. gxf7+ Qxf7 31. Rxd2 e4 32. Bxb8 exf3 33. Be5 Rxe5 34. Rxe5 Qg7 35. Re8+ Kf7 36. Rxc8 Qd4+ 37. Kf1 Qe3 38. Nb1 fxg2+ 39. Kxg2 Qg5+ 40. Kf1 Qf4+ 41. Ke1 Qh4+ 42. Kd1 h5 43. Rc7+ Kf6 44. d6 Qg3 45. Be2 Qh3 46. Kc1 1-0

[Event "CRO-chT4A Center"]
[Site "Zagreb"]
[Date "2010.03.28"]
[Round "2.24"]
[White "Vujic, Velibor"]
[Black "Drvodelic, Miroslav"]
[Result "0-1"]
[WhiteElo "2027"]
[BlackElo "2073"]
[PlyCount "44"]
[EventDate "2010.03.21"]
[EventType "team-tourn"]
[EventRounds "11"]
[EventCountry "CRO"]
[SourceTitle "EXT 2012"]
[Source "ChessBase"]
[SourceDate "2011.11.24"]
[SourceVersion "1"]
[SourceVersionDate "2011.11.24"]
[SourceQuality "1"]

1. d4 Nf6 2. c4 g6 3. Nc3 Bg7 4. e4 d6 5. Be2 0-0 6. Be3 Nbd7 7. Qd2 c5 8. d5 Qa5 9. f3 Ne8 10. Nh3 a6 11. Nf2 b5 12. cxb5 axb5 13. Bxb5 Bxc3 14. Qxc3 Qxb5 15. Ng4 h5 16. Nh6+ Kh7 17. Bd2 Ne5 18. Kf2 Qd3 19. Qc1 Qd4+ 20. Kg3 h4+ 21. Kxh4 Qf2+ 22. g3 Nxf3# 0-1

[Event "CRO-chT3"]
[Site "Zagreb"]
[Date "2008.10.19"]
[Round "9"]
[White "Drvodelic, Miroslav"]
[Black "Kustrak, Mladen"]
[Result "1/2-1/2"]
[WhiteElo "2100"]
[BlackElo "1990"]
[PlyCount "26"]
[EventDate "2008.03.30"]
[EventType "team-tourn"]
[EventRounds "9"]
[EventCountry "CRO"]
[SourceTitle "EXT 2011"]
[Source "ChessBase"]
[SourceDate "2010.11.26"]
[SourceVersion "1"]
[SourceVersionDate "2010.11.26"]
[SourceQuality "1"]

1. d4 Nf6 2. c4 g6 3. Nc3 Bg7 4. e4 d6 5. f3 0-0 6. Be3 c6 7. Qd2 e5 8. d5 c5 9. 0-0-0 Na6 10. Bh6 Nc7 11. g4 a6 12. h4 b5 13. Kb1 Rb8 1/2-1/2